00210nam a2200109Ia 4500100001500000654001200015245001200027260003000039082001100069300000800080546001200088 aRogan/ W.  aWelding aWelding bMcGraw HillaSydneyc1975 a671.52 a227 aENGLISH